[Event "Baunatal op 8th"]
[Site "Baunatal"]
[Date "2002.08.10"]
[Round "4"]
[White "Kleinschmidt, Uwe"]
[Black "Boettcher, Christian"]
[Result "0-1"]
[WhiteElo "2157"]
[BlackElo "2006"]
[PlyCount "56"]
[EventDate "2002.08.09"]
[EventType "swiss"]
[EventRounds "7"]
[EventCountry "GER"]
[SourceTitle "EXT 2003"]
[Source "ChessBase"]
[SourceDate "2002.11.25"]
[SourceVersion "1"]
[SourceVersionDate "2002.11.25"]
[SourceQuality "1"]

1. e4 d6 2. Nc3 Nd7 3. d4 g6 4. f4 Bg7 5. Nf3 c6 6. Bd3 e5 7. dxe5 dxe5 8. f5 Qe7 9. Qe2 Ngf6 10. fxg6 fxg6 11. 0-0 0-0 12. Bg5 h6 13. Bh4 g5 14. Bf2 Nh5 15. g3 Ndf6 16. Kg2 Kh8 17. Qe3 b6 18. Ng1 Be6 19. Be2 Rg8 20. Be1 Bf8 21. Nd1 Qg7 22. Bxh5 Nxh5 23. Qe2 Nf4+ 24. gxf4 gxf4+ 25. Kh1 Bc5 26. Nf3 Bc4 27. Bc3 Bxe2 28. Bxe5 Bxf3+ 0-1

[Event "Baunatal op 8th"]
[Site "Baunatal"]
[Date "2002.08.09"]
[Round "1"]
[White "Haan, Andreas"]
[Black "Kleinschmidt, Uwe"]
[Result "0-1"]
[WhiteElo "1682"]
[BlackElo "2157"]
[PlyCount "54"]
[EventDate "2002.08.09"]
[EventType "swiss"]
[EventRounds "7"]
[EventCountry "GER"]
[SourceTitle "EXT 2003"]
[Source "ChessBase"]
[SourceDate "2002.11.25"]
[SourceVersion "1"]
[SourceVersionDate "2002.11.25"]
[SourceQuality "1"]

1. e4 c5 2. Nf3 e6 3. d4 cxd4 4. Nxd4 Qb6 5. Be2 Bc5 6. c3 Nf6 7. e5 Nd5 8. 0-0 Nc6 9. Nxc6 bxc6 10. b3 0-0 11. a4 a5 12. Bd3 f5 13. Ra2 Ne7 14. Ba3 Ng6 15. Bxc5 Qxc5 16. Re2 Nxe5 17. Rfe1 Nxd3 18. Qxd3 Ba6 19. c4 Rad8 20. Qh3 Rf6 21. Qh4 Rb8 22. Re3 Qd6 23. Rg3 Kh8 24. Qg5 Rg6 25. Qe3 f4 26. c5 Qc7 27. Qxe6 Rxe6 0-1

[Event "Halver Cup"]
[Site "Halver"]
[Date "2002.05.17"]
[Round "2"]
[White "Mantler, Thorben"]
[Black "Kleinschmidt, Uwe"]
[Result "1-0"]
[WhiteElo "1632"]
[BlackElo "1828"]
[PlyCount "73"]
[EventDate "2002.05.10"]
[EventType "swiss"]
[EventRounds "5"]
[EventCountry "GER"]
[SourceTitle "EXT 2007"]
[Source "ChessBase"]
[SourceDate "2006.11.23"]
[SourceVersion "1"]
[SourceVersionDate "2006.11.23"]
[SourceQuality "1"]

1. e4 Nf6 2. Nc3 d6 3. d4 c6 4. f4 Qa5 5. Bd2 e5 6. Nf3 Bg4 7. Bc4 exd4 8. Ne2 Qh5 9. Nexd4 Nxe4 10. Qe2 d5 11. Bd3 f5 12. h3 Be7 13. Ne6 Kd7 14. Nxg7 Bh4+ 15. Kd1 Bxf3 16. gxf3 Nf2+ 17. Qxf2 Bxf2 18. Nxh5 Ke7 19. Bxf5 Na6 20. Rh2 Bh4 21. Bc3 Rhg8 22. Re2+ Kd6 23. Be5+ Kc5 24. Ng7 Rxg7 25. Bxg7 Rg8 26. Bc3 Rg1+ 27. Be1 Bg3 28. c3 Kc4 29. Kc2 d4 30. Bd3+ Kd5 31. Bxa6 bxa6 32. Rd1 c5 33. Re5+ Kc4 34. cxd4 Rg2+ 35. Kb1 Kb5 36. Rxc5+ Kb6 37. Rg5 1-0

[Event "Suedwestfalen Verbandsklasse 0102"]
[Site "Suedwestfalen"]
[Date "2001.10.28"]
[Round "3"]
[White "Kleinschmidt, Uwe"]
[Black "Rahimi, Rahim"]
[Result "0-1"]
[WhiteElo "1891"]
[BlackElo "2067"]
[PlyCount "96"]
[EventDate "2001.09.09"]
[EventType "team"]
[EventRounds "9"]
[EventCountry "GER"]
[SourceTitle "EXT 2007"]
[Source "ChessBase"]
[SourceDate "2006.11.23"]
[SourceVersion "1"]
[SourceVersionDate "2006.11.23"]
[SourceQuality "1"]
[WhiteTeam "Halver"]
[BlackTeam "Hellertal"]
[WhiteTeamCountry "GER"]
[BlackTeamCountry "GER"]

1. e4 d5 2. exd5 Nf6 3. c4 c6 4. dxc6 Nxc6 5. Nf3 Bg4 6. Be2 e5 7. 0-0 Bc5 8. d3 0-0 9. Nc3 h6 10. h3 Bf5 11. Na4 Bd4 12. Be3 Qd6 13. Nxd4 Nxd4 14. Bxd4 Qxd4 15. Qb3 Rab8 16. Qc3 Rfd8 17. Rad1 b5 18. Qxd4 Rxd4 19. Nc5 bxc4 20. dxc4 Rxb2 21. Rxd4 exd4 22. Bd3 Bxd3 23. Nxd3 Rxa2 24. c5 Rc2 25. Rc1 Rxc1+ 26. Nxc1 Kf8 27. Kf1 Ne4 28. Nb3 d3 29. f3 Nc3 30. Ke1 Nb1 31. Na5 Ke8 32. Nc6 a6 33. Kd1 f6 34. Nb4 a5 35. Nxd3 Nc3+ 36. Kd2 Nd5 37. g3 Kd7 38. Kc2 Kc6 39. Kb3 Kb5 40. h4 a4+ 41. Ka3 Ne3 42. g4 Nc4+ 43. Ka2 Ne5 44. c6 Kxc6 45. Nxe5+ fxe5 46. Kb2 Kc5 47. Kc3 g6 48. Kd3 a3 0-1

[Event "Halver Cup"]
[Site "Halver"]
[Date "2001.05.25"]
[Round "4"]
[White "Mirus, Sven"]
[Black "Kleinschmidt, Uwe"]
[Result "0-1"]
[WhiteElo "1316"]
[BlackElo "1901"]
[PlyCount "84"]
[EventDate "2001.05.04"]
[EventType "swiss"]
[EventRounds "7"]
[EventCountry "GER"]
[SourceTitle "EXT 2007"]
[Source "ChessBase"]
[SourceDate "2006.11.23"]
[SourceVersion "1"]
[SourceVersionDate "2006.11.23"]
[SourceQuality "1"]

1. Nf3 d5 2. d4 c5 3. c3 Nc6 4. dxc5 e5 5. e3 Bxc5 6. Bb5 Bg4 7. Bxc6+ bxc6 8. h3 Bh5 9. g4 e4 10. Ne5 Qf6 11. Nxc6 Qxc6 12. gxh5 Nf6 13. Nd2 g6 14. hxg6 hxg6 15. Qe2 Qd7 16. Nb3 Bb6 17. Qf1 0-0-0 18. Nd4 Bxd4 19. cxd4 Qb7 20. b3 Rd6 21. Bd2 Rc6 22. Kd1 a6 23. Rc1 Kb8 24. Rc5 Rhc8 25. b4 Nd7 26. Rxc6 Qxc6 27. Qe2 Qc2+ 28. Ke1 Qxa2 29. Qd1 Rc2 30. Rh2 Nb6 31. f3 Nc4 32. fxe4 dxe4 33. Re2 Kb7 34. Bc3 Rxe2+ 35. Qxe2 Qxe2+ 36. Kxe2 Kc6 37. Kf2 Kd5 38. Ke2 Nd6 39. Bd2 Nf5 40. Kd1 Kc4 41. Kc2 Nh4 42. Bc3 Nf3 0-1

[Event "Halver Cup"]
[Site "Halver"]
[Date "2001.05.11"]
[Round "2"]
[White "Jansen, Dirk Norbert"]
[Black "Kleinschmidt, Uwe"]
[Result "1-0"]
[WhiteElo "2023"]
[BlackElo "1901"]
[PlyCount "89"]
[EventDate "2001.05.04"]
[EventType "swiss"]
[EventRounds "7"]
[EventCountry "GER"]
[SourceTitle "EXT 2007"]
[Source "ChessBase"]
[SourceDate "2006.11.23"]
[SourceVersion "1"]
[SourceVersionDate "2006.11.23"]
[SourceQuality "1"]

1. e4 d5 2. exd5 Qxd5 3. Nc3 Qa5 4. Bc4 Nf6 5. d4 c6 6. Nge2 Bg4 7. f3 Bh5 8. Nf4 Nbd7 9. Qe2 Nb6 10. Bb3 0-0-0 11. Bd2 Rxd4 12. Ncd5 Rxd2 13. Nxb6+ Qxb6 14. Qxd2 e6 15. 0-0-0 Bc5 16. Rhe1 Bg6 17. h4 Qc7 18. g4 e5 19. Ng2 e4 20. h5 exf3 21. hxg6 fxg2 22. Qxg2 hxg6 23. g5 Qf4+ 24. Kb1 Rh2 25. gxf6 gxf6 26. Qe4 Qxe4 27. Rxe4 f5 28. Re8+ Kc7 29. Bxf7 Rg2 30. Re6 f4 31. Rxg6 f3 32. Rf6 f2 33. Bc4 b5 34. Bf1 Rg5 35. c3 Re5 36. Rf3 a5 37. Kc2 a4 38. Rf6 Re7 39. Bg2 Rg7 40. Rxc6+ Kb8 41. Rxc5 Rxg2 42. Rxb5+ Kc7 43. Rf1 Kc6 44. Rf5 Rg1 45. R1xf2 1-0

[Event "Halver Cup"]
[Site "Halver"]
[Date "2001.05.04"]
[Round "1"]
[White "Kleinschmidt, Uwe"]
[Black "Pietrzak, Oliver"]
[Result "1-0"]
[WhiteElo "1901"]
[BlackElo "1333"]
[PlyCount "65"]
[EventDate "2001.05.04"]
[EventType "swiss"]
[EventRounds "7"]
[EventCountry "GER"]
[SourceTitle "EXT 2007"]
[Source "ChessBase"]
[SourceDate "2006.11.23"]
[SourceVersion "1"]
[SourceVersionDate "2006.11.23"]
[SourceQuality "1"]

1. Nf3 d5 2. g3 Nf6 3. Bg2 Nc6 4. d4 Bf5 5. a3 g6 6. 0-0 Bg7 7. Re1 0-0 8. c3 Qd7 9. Ne5 Qe6 10. f4 Be4 11. Nd2 Bxg2 12. Kxg2 Ng4 13. Ndf3 Ncxe5 14. dxe5 Rad8 15. h3 Nh6 16. Qa4 a6 17. Be3 f6 18. Nd4 Qd7 19. Qxd7 Rxd7 20. Ne6 Rf7 21. g4 fxe5 22. fxe5 b6 23. Rad1 Kh8 24. c4 c6 25. cxd5 Rxd5 26. Rxd5 cxd5 27. Rd1 Ng8 28. Rxd5 b5 29. Bd4 Bh6 30. g5 Bg7 31. Nxg7 Kxg7 32. e6+ Kf8 33. Rd8# 1-0

[Event "Suedwestfalen Verbandsklasse 0001"]
[Site "Suedwestfalen"]
[Date "2001.03.11"]
[Round "7"]
[White "Berg, Gerd"]
[Black "Kleinschmidt, Uwe"]
[Result "1/2-1/2"]
[WhiteElo "1866"]
[BlackElo "1880"]
[PlyCount "102"]
[EventDate "2000.09.17"]
[EventType "team"]
[EventRounds "9"]
[EventCountry "GER"]
[SourceTitle "EXT 2007"]
[Source "ChessBase"]
[SourceDate "2006.11.23"]
[SourceVersion "1"]
[SourceVersionDate "2006.11.23"]
[SourceQuality "1"]
[WhiteTeam "Halver"]
[BlackTeam "Plettenberg II"]
[WhiteTeamCountry "GER"]
[BlackTeamCountry "GER"]

1. e4 c5 2. Nf3 e6 3. d4 cxd4 4. Nxd4 Qb6 5. Nb3 Qc7 6. Be2 Nf6 7. Nc3 Bb4 8. Qd3 d5 9. exd5 Bxc3+ 10. bxc3 Nxd5 11. Bb2 b6 12. c4 Nf6 13. Bxf6 gxf6 14. Qf3 Bb7 15. Qxf6 Rg8 16. 0-0-0 Nd7 17. Qh4 Qe5 18. Rhe1 Qg5+ 19. Qxg5 Rxg5 20. g3 Rc8 21. f4 Rg7 22. Nd4 a6 23. Bh5 Ke7 24. Nf5+ Kf8 25. Nxg7 Nf6 26. Nxe6+ fxe6 27. Rxe6 Nxh5 28. Rxb6 Rc7 29. Rd8+ Ke7 30. Rdd6 Ng7 31. Rh6 Be4 32. Rxa6 Bg6 33. g4 Rxc4 34. f5 Nxf5 35. gxf5 Bxf5 36. Rxh7+ Bxh7 37. Ra7+ Ke6 38. Rxh7 Kd5 39. h4 Kd4 40. Rd7+ Kc3 41. Rd3+ Kb4 42. Rh3 Rc6 43. h5 Rh6 44. Kd2 Kc4 45. Ke3 Ra6 46. a4 Kc3 47. h6 Re6+ 48. Kf4+ Kxc2 49. h7 Ra6 50. h8Q Rxa4+ 51. Qd4 Rxd4+ 1/2-1/2

[Event "Suedwestfalen Verbandsklasse 0001"]
[Site "Suedwestfalen"]
[Date "2000.11.05"]
[Round "3"]
[White "Menz, Falk"]
[Black "Kleinschmidt, Uwe"]
[Result "1-0"]
[WhiteElo "1852"]
[BlackElo "1842"]
[PlyCount "59"]
[EventDate "2000.09.17"]
[EventType "team"]
[EventRounds "9"]
[EventCountry "GER"]
[SourceTitle "EXT 2007"]
[Source "ChessBase"]
[SourceDate "2006.11.23"]
[SourceVersion "1"]
[SourceVersionDate "2006.11.23"]
[SourceQuality "1"]
[WhiteTeam "Kierspe"]
[BlackTeam "Halver"]
[WhiteTeamCountry "GER"]
[BlackTeamCountry "GER"]

1. e4 c5 2. d4 cxd4 3. c3 dxc3 4. Nxc3 d6 5. Nf3 Nc6 6. Bc4 e6 7. 0-0 Nf6 8. Bg5 Be7 9. Qe2 h6 10. Be3 0-0 11. Rad1 Qa5 12. Bd2 Qh5 13. Bf4 e5 14. Bg3 Bg4 15. Qe3 Bxf3 16. gxf3 Nd4 17. Rxd4 exd4 18. Qxd4 Qxf3 19. Be2 Qxe2 20. Nxe2 Rfd8 21. Rc1 d5 22. e5 Ne4 23. Rc7 Kf8 24. Nf4 f5 25. Ng6+ Kf7 26. Nxe7 Ke6 27. Ng6 f4 28. Nxf4+ Kf5 29. Rf7+ Kg5 30. e6 1-0